Govt. of
Madhya Pradesh

History of Medieval India (Record no. 66229)

MARC details
000 -LEADER
fixed length control field 00264nam a22001097a 4500
082 ## - DEWEY DECIMAL CLASSIFICATION NUMBER
Classification number 954/CHA
100 ## - MAIN ENTRY--AUTHOR NAME
Personal name Chandra, Satish
245 ## - TITLE STATEMENT
Title History of Medieval India
260 ## - PUBLICATION, DISTRIBUTION, ETC. (IMPRINT)
Place of publication Hyderabad
Name of publisher Orient Blackswan
Year of publication 2023
650 ## - SUBJECT ADDED ENTRY--TOPICAL TERM
Topical Term Indian History
942 ## - ADDED ENTRY ELEMENTS (KOHA)
Koha item type Books
Holdings
Withdrawn status Lost status Damaged status Not for loan Home library Current library Date acquired Cost, normal purchase price Full call number Accession Number Price effective from Koha item type
        MACL MACL 27/10/2023 495.00 954/CHA DPI001602 27/10/2023 Books